Mexican Immigration to the United States: Continuities and Change /
Guardat en:
| Autor principal: | |
|---|---|
| Altres autors: | |
| Format: | Text |
| Matèries: | |
| Etiquetes: |
Afegir etiqueta
Sense etiquetes, Sigues el primer a etiquetar aquest registre!
|
MARC
| LEADER | 00000 a a2200000 04500 | ||
|---|---|---|---|
| 001 | 43221 | ||
| 003 | |||
| 040 | |||
| 100 | |a Durand, Jorge | ||
| 245 | |a Mexican Immigration to the United States: |b Continuities and Change / |c Jorge Durand, Douglas S. Massey and Rene M. Zenteno | ||
| 650 | |a ASPECTOS DEMOGRAFICOS | ||
| 650 | |a IMMIGRANTES | ||
| 650 | |a MIGRACION INTERNACIONAL | ||
| 650 | |a INMIGRACION | ||
| 650 | |a MEXICO | ||
| 700 | |a Massey, Douglas S. y Zenteno, Rene M. | ||
| 773 | |g volumen36, número1 (2001), páginas 107-127 | ||
| 999 | |c 20377 |d 20377 | ||
